Mnagerial Economics Analysis, Preblems, and Cases. (Record no. 360)

MARC details
000 -LEADER
fixed length control field 00434nam a22001697a 4500
005 - DATE AND TIME OF LATEST TRANSACTION
control field 20180321125458.0
008 - FIXED-LENGTH DATA ELEMENTS--GENERAL INFORMATION
fixed length control field 160430b xxu||||| |||| 00| 0 eng d
020 ## - INTERNATIONAL STANDARD BOOK NUMBER
ISBN 978-81-8054-663-1
041 ## - LANGUAGE CODE
Language code of text/sound track or separate title eng
082 ## - DEWEY DECIMAL CLASSIFICATION NUMBER
Item number 1005
Classification number 338.5024658
100 ## - MAIN ENTRY--AUTHOR NAME
Personal name Mehta P.L.
245 ## - TITLE STATEMENT
Title Mnagerial Economics Analysis, Preblems, and Cases.
260 ## - PUBLICATION, DISTRIBUTION, ETC. (IMPRINT)
Name of publisher Sultan Chand & Sons.
Year of publication 2010
300 ## - PHYSICAL DESCRIPTION
Number of Pages 837
650 ## - SUBJECT ADDED ENTRY--TOPICAL TERM
Topical Term Management
942 ## - ADDED ENTRY ELEMENTS (KOHA)
Koha item type Books
Holdings
Lost status Damaged status Collection code Home library Shelving location Date acquired Cost, normal purchase price Full call number Accession Number Koha item type
    MANAGEMENT JRU Library SHELF-60-E 30/04/2016 365.00 338.502 465 8 1005 Books